[Event "SVK-ch U12"]
[Site "Liptovsky Mikulas"]
[Date "2005.04.15"]
[Round "7"]
[White "Trepac, Matej"]
[Black "Cizmar, David"]
[Result "0-1"]
[WhiteElo "1388"]
[BlackElo "1367"]
[PlyCount "64"]
[EventDate "2005.04.11"]
[EventType "swiss"]
[EventRounds "9"]
[EventCountry "SVK"]
[SourceTitle "EXT 2008"]
[Source "ChessBase"]
[SourceDate "2007.11.25"]
[SourceVersion "1"]
[SourceVersionDate "2007.11.25"]
[SourceQuality "1"]

1. e4 e5 2. Nf3 Nc6 3. Bc4 Nf6 4. Ng5 d5 5. exd5 Na5 6. Bb5+ c6 7. dxc6 bxc6 8. Bd3 h6 9. Ne4 Nxe4 10. Bxe4 f5 11. Bf3 Be6 12. 0-0 Be7 13. c3 0-0 14. b4 Nc4 15. Bxc6 Rc8 16. Bb5 f4 17. Ba6 Rc6 18. Bxc4 Rxc4 19. Na3 Rc8 20. d4 Rxc3 21. dxe5 Qe8 22. Bb2 Rh3 23. gxh3 Qg6+ 24. Kh1 f3 25. Rg1 Qh5 26. Bc1 Bxh3 27. Bb2 Bg2+ 28. Rxg2 fxg2+ 29. Kxg2 Qg5+ 30. Kf1 Qf5 31. Qb3+ Kh8 32. Qc3 Qxf2# 0-1

[Event "SVK-ch U12"]
[Site "Liptovsky Mikulas"]
[Date "2005.04.13"]
[Round "4"]
[White "Trepac, Matej"]
[Black "Chmurovic, Samuel"]
[Result "1-0"]
[WhiteElo "1388"]
[BlackElo "1350"]
[PlyCount "43"]
[EventDate "2005.04.11"]
[EventType "swiss"]
[EventRounds "9"]
[EventCountry "SVK"]
[SourceTitle "EXT 2008"]
[Source "ChessBase"]
[SourceDate "2007.11.25"]
[SourceVersion "1"]
[SourceVersionDate "2007.11.25"]
[SourceQuality "1"]

1. e4 e5 2. Nf3 Nc6 3. Bc4 Nf6 4. Ng5 d5 5. exd5 Nxd5 6. d3 Be7 7. Ne4 Bf5 8. 0-0 0-0 9. Nbc3 Nxc3 10. bxc3 Bf6 11. Nxf6+ Qxf6 12. d4 exd4 13. Ba3 Rfe8 14. Re1 dxc3 15. Rxe8+ Rxe8 16. Bc5 Na5 17. Bb4 c6 18. Bd3 Bh3 19. Qh5 g6 20. Qxh3 Re5 21. Qc8+ Kg7 22. Bxc3 1-0

[Event "SVK-ch U12"]
[Site "Liptovsky Mikulas"]
[Date "2005.04.12"]
[Round "2"]
[White "Madar, Robert"]
[Black "Trepac, Matej"]
[Result "1-0"]
[WhiteElo "1350"]
[BlackElo "1388"]
[PlyCount "55"]
[EventDate "2005.04.11"]
[EventType "swiss"]
[EventRounds "9"]
[EventCountry "SVK"]
[SourceTitle "EXT 2008"]
[Source "ChessBase"]
[SourceDate "2007.11.25"]
[SourceVersion "1"]
[SourceVersionDate "2007.11.25"]
[SourceQuality "1"]

1. e4 e5 2. Nc3 Nf6 3. Nf3 Nc6 4. Bb5 Bc5 5. 0-0 0-0 6. Bxc6 dxc6 7. Nxe5 Bd4 8. Nf3 Bxc3 9. dxc3 Qe7 10. e5 Ne4 11. Re1 Bf5 12. Nd4 Qxe5 13. f3 Ng3 14. Rxe5 f6 15. Rxf5 Nxf5 16. Nxf5 Rad8 17. Qe1 Rfe8 18. Qg3 Rd1+ 19. Kf2 Rd7 20. Be3 g6 21. Re1 Kf7 22. Qh4 gxf5 23. Qxh7+ Ke6 24. Bxa7+ Kd6 25. Rd1+ Ke6 26. Rxd7 Ke5 27. Bd4+ Kf4 28. Qh4# 1-0